| 000 | 00604cam a2200169 a 4500 | ||
|---|---|---|---|
| 020 | _a0309036208 (pbk.) | ||
| 082 | 0 | 0 |
_a380.5 _bNAT _cD |
| 245 | 0 | 0 | _aPavement design, performance, and rehabilitation. |
| 260 |
_aWashington, D.C. : _bTransportation Research Board, National Research Council, National Academy of Sciences, _c1983. |
||
| 300 |
_aiv, 90 p. : _bill. ; _c28 cm. |
||
| 526 |
_a0 _b0 _c0 _d380_500000000000000_NAT |
||
| 650 | 0 |
_aMCE _9379 |
|
| 650 | 0 |
_aPavements, Asphalt. _921213 |
|
| 650 | 0 |
_aPavements, Concrete. _920053 |
|
| 710 | 2 |
_aNational Research Council (U.S.). _920017 |
|
| 942 |
_2ddc _cBK |
||
| 999 |
_c542941 _d542941 |
||